000 00731nam a2200253Ia 4500
003 OSt
005 20221002043919.0
006 a|||||r|||| 00| 0
007 ta
008 220930b |||||||| |||| 00| 0 eng d
020 _a8171600557
024 _a18850
037 _bGift, 04/06/2015,
_cReference Collections
040 _aCRL
_cCRL
_beng
041 _2eng
_aeng
082 _aP111:4k, 168N4;P5(RR)
100 _aHaq Abdul
245 0 _aStandard english urdu dictionary
260 _aNew Delhi
_bAnjuman Taraqqi urdu
_c1994
300 _a1513p.
_ccm.
650 _aLINGUISTICS
942 _hP111:4k, 168N4;P5(RR)
_cref
_2CC
999 _c909219
_d909219